| 000 | 00501nam a2200157Ia 4500 | ||
|---|---|---|---|
| 008 | 210716s2008 xx 000 0 und d | ||
| 020 | _a9780070080713 | ||
| 041 | _aeng | ||
| 082 | _a658.4092 HUGR | ||
| 100 | _aHughes, Richard L;Ginnett, Robert C;Curphy, Gordon J. | ||
| 245 |
_aLeadership: enhancing the lessons of experience. _bEnhancing the lessons of experience. |
||
| 250 | _a6 | ||
| 260 |
_aNew Delhi _bTata McGraw Hill Publishing Company _c2008 |
||
| 300 | _axvi,591 | ||
| 650 | _aLeadership | ||
| 999 |
_c202502 _d202502 |
||